书目信息 |
| 书名: | THAILAND'S AGRICULTURE | |
| 作者: | F.D.O'REILLY,P.I.McDONALD. | |
| 分册号: | ||
| 分册名: | 出版地: | Budapest : |
|
| 出版社: | Akadémiai Kiadó | |
| 出版时间: | 1983. | |
| 页数: | 97,[1] p. of tables : | |
| 开本: | 25 cm. | |
| 丛书名: | Geography of world agriculture | |
| 中图分类号: | ||
| 科图分类号: | ||
| 其他分类号: | F319.9 | |
| 主题词: | ||
| 电子资源: | ||
| 000 | 00695nam 2200253 a 4500 | |
| 001 | E0730013733 | |
| 005 | 20070425173312.75 | |
| 008 | uu | |
| 008 | 00010 eng | |
| 008 | uu 1983 | |
| 010 | @a81190315 | |
| 015 | @aH*** | |
| 020 | @a963-05-3360-X. | |
| 043 | @au-at--- | |
| 049 | @aN5LA | |
| 050 | 0 | @aS478.A1 @bS36 |
| 082 | 0 | @a630/.994 @219 |
| 090 | @aF319.9 | |
| 099 | @dF319.9@ex1:12 | |
| 100 | 10 | @aScott, Peter, @d1922- |
| 245 | 10 | @aTHAILAND'S AGRICULTURE / @cF.D.O'REILLY,P.I.McDONALD. |
| 260 | 0 | @aBudapest :@bAkadémiai Kiadó :@b[distributor, Kultura],@c1983. |
| 300 | @a97,[1] p. of tables :@bill. ;@c25 cm. | |
| 440 | 0 | @aGeography of world agriculture ; @v12 |
| THAILAND'S AGRICULTURE / / F.D.O'REILLY,P.I.McDONALD.-Budapest : : Akadémiai Kiadó : : [distributor, Kultura], , 1983. |
| 97,[1] p. of tables : : ill. ; ; 25 cm.- (Geography of world agriculture ; 12) |
| ISBN 963-05-3360-X. |
| ● |
| 相关链接 |
|
|
|
|
正题名:THAILAND'S AGRICULTURE
索取号:F319.9/x1:12
 
预约/预借
| 序号 | 登录号 | 条形码 | 馆藏地/架位号 | 状态 | 备注 |
| 1 | 183265 | 001170440 | 第二样本阅览室/ [索取号:F319.9/x1:12] | 在馆 |